National Geographic

保存先:
書誌詳細
フォーマット: 図書
言語:Undetermined
出版事項: Washington D.C. National Geographic Society 2019
主題:
タグ: タグ追加
タグなし, このレコードへの初めてのタグを付けませんか!
Thư viện lưu trữ: Trung tâm Học liệu Trường Đại học Cần Thơ
LEADER 00444nam a2200157Ia 4500
001 CTU_234182
008 210402s9999 xx 000 0 und d
082 |a 910 
082 |b N277 
245 0 |a National Geographic 
245 0 |c National Geographic Partners 
260 |a Washington D.C. 
260 |b National Geographic Society 
260 |c 2019 
650 |a Science,Society,Science 
980 |a Trung tâm Học liệu Trường Đại học Cần Thơ